Guess the Movie - Minimalistic Pictures #20 - Statistics

General Stats
  • This quiz has been taken 52 times
  • The average score is 8 of 20
Answer Stats
Picture Hint Answer % Correct
2019 Joker
93%
1999 The Matrix
91%
2019 Captain Marvel
84%
2016 Doctor Strange
84%
1988 Who Framed Roger Rabbit
70%
2021 Black Widow
60%
1995 Mortal Kombat
60%
1989 The Little Mermaid
51%
1984 Sixteen Candles
44%
1997 Hercules
42%
2014 22 Jump Street
40%
1980 Raging Bull
40%
2019 Us
30%
1997 12 Angry Men
14%
2009 Jennifer's Body
9%
2015 Legend
9%
2017 Molly's Game
7%
1994 Natural Born Killers
5%
2015 The Big Short
5%
2016 The Nice Guys
5%
No matching quizzes found
Score Distribution
Percent of People with Each Score
Percentile by Number Answered
Your Score History
You have not taken this quiz